La voluntad : una historia de la militancia revolucionaria en argentina 1966-1973 /
Guardado en:
| Autor Principal: | |
|---|---|
| Otros Autores: | |
| Formato: | Libro |
| Publicado: |
Buenos Aires :
Norma,
1997
|
| Edición: | 2a. ed. |
| Materias: | |
| Etiquetas: |
Agregar Etiqueta
Sin Etiquetas, Sea el primero en etiquetar este registro!
|
| LEADER | 00651nam a22002055a 4500 | ||
|---|---|---|---|
| 001 | CEM.cems009422 | ||
| 005 | 20081211095320.0 | ||
| 008 | 130507s1997##################000#0#####d | ||
| 003 | CEMS | ||
| 020 | |a 9580438838 | ||
| 082 | 0 | 4 | |a 982.06 |
| 100 | 1 | |a Anguita, Eduardo | |
| 245 | 1 | 0 | |a La voluntad : |b una historia de la militancia revolucionaria en argentina 1966-1973 / |c Eduardo Anguita, Martín Caparrós |
| 250 | |a 2a. ed. | ||
| 260 | |a Buenos Aires : |b Norma, |c 1997 | ||
| 300 | |a 706 p. | ||
| 653 | |a Historia | ||
| 653 | |a Historia argentina 1966-1973 | ||
| 700 | 1 | |a Caparrós, Martín | |
| 859 | |a CEMS |b BIB. CEMS - 11 de abril |h 982.06 |i An48 |p 19132.97 |t Ej.1 |v 1 |3 1 | ||
